Prácticas del lenguaje en contexto de estudio : la diversidad en los animales – 1º y 2º año

Para estudiar o saber más sobre un tema que interesa es fundamental desarrollar prácticas tales como hablar con otros, plantear interrogantes y buscar respuestas, explorar y leer diversos materiales, tomar notas, escribir sobre los hallazgos. Es decir, se requiere desarrollar una cantidad y variedad...

Full description

Bibliographic Details
Main Author: Castedo, Mirta
Other Authors: Paione, Alejandra, Hoz, Gabriela
Format: Libro
Language:Spanish
Published: Buenos Aires : Subsecretaría de Educación - Dirección Provincial de Educacion Primaria - Dirección de Gestión Curricular, 2009.
Subjects:
Online Access:Acceso electrónico al documento

MARC

LEADER 00000nam a22000007a 4500
008 200409s2009 ag |||| o|||| 00| 0 spa d
952 |0 0  |1 0  |2 ddc  |4 0  |6 RECURSO_ELECTRONICO  |7 0  |8 BAS  |9 94428  |a BC  |b BC  |c Digital  |d 2021-02-26  |l 0  |o RECURSO ELECTRONICO  |r 2021-02-26 00:00:00  |w 2021-02-26  |y BK  |A 284  |B PEDIF 
999 |c 54005  |d 54005 
040 |a UAHC  |c UAHC 
100 |9 13386  |a Castedo, Mirta 
245 |a Prácticas del lenguaje en contexto de estudio :  |b  la diversidad en los animales – 1º y 2º año  |c Castedo, M., Paione, A., Hoz, G. y otros. 
260 |a Buenos Aires :   |b Subsecretaría de Educación - Dirección Provincial de Educacion Primaria - Dirección de Gestión Curricular,  |c 2009. 
300 |a 17 p. 
500 |a Sitio visitado http://files.primariaberaza.webnode.es/200000135-1900819fac/La%20diversidad%20en%20los%20animales.pdf el 26 de enero de 2021. 
520 |a Para estudiar o saber más sobre un tema que interesa es fundamental desarrollar prácticas tales como hablar con otros, plantear interrogantes y buscar respuestas, explorar y leer diversos materiales, tomar notas, escribir sobre los hallazgos. Es decir, se requiere desarrollar una cantidad y variedad de prácticas del lenguaje que se articulan con el propósito de informarse o profundizar sobre el contenido que se está estudiando. La secuencia didáctica que se propone desarrollar se enmarca en los tres niveles de complejidad desde los cuales puede abordarse el estudio del mundo natural, enunciados en el Diseño Curricular para la Educación Primaria. Primer Ciclo. 
650 0 |9 9537  |a Lenguaje y lenguas  |x Enseñanza 
650 0 |9 7989  |a Lenguaje  |x Enseñanza preescolar 
650 0 |9 1886  |a Lenguaje  |x Enseñanza básica 
700 |9 13387  |a Paione, Alejandra 
700 |9 13388  |a Hoz, Gabriela  
856 |u http://files.primariaberaza.webnode.es/200000135-1900819fac/La%20diversidad%20en%20los%20animales.pdf  |y Acceso electrónico al documento 
900 |a Recurso electrónico 
942 |c BK  |2 ddc